000
00305nam a2200109Ia 4500
005
20251222143319.0
008
251222s9999||||xx |||||||||||||| ||spa||
082
_a
378.155/U61
245
0
_a
La Oferta de TÃtulos Propios de las Universidades:
264
_b
Unibertsitateen Gizarte Elkargunea
942
_c
LIB
999
_c
16005
_d
16005